| 000 | 01224nam a22002771 4500 | ||
|---|---|---|---|
| 999 |
_c5836 _d5836 |
||
| 001 | 5142625 | ||
| 003 | OSt | ||
| 005 | 20190329123013.0 | ||
| 008 | 00026401976 ilua b 000 0 eng d | ||
| 020 | _a0802410200 | ||
| 020 | _a0802410200 | ||
| 040 |
_aEZC _cEZC _dm.c. _dATH |
||
| 082 |
_aREF 221 _bJ54S |
||
| 090 |
_aBS1465.5 _b.J56 1976 |
||
| 100 | 1 | _aJensen, Irving Lester. | |
| 245 | 1 | 0 |
_aA Self-Study Guide / _cIrving L. Jensen. _bGenesis-Exodus-Leviticus-Numbers and Deuteronomy-Joshua-1 Kings with Chronicles-2 Kings with Chronicles- Judges Ruth-1&2 Samuel-Ezra Nehemiah Esther-Job-Psalms-Proverbs-Ecclesiastes Song Of Solomon-Isaiah Jeremiah-Ezekiel Daniel-Minor Prophets / |
| 260 |
_a[Chicago : _bMoody Press, _c1976]. |
||
| 300 |
_a88 p. : _bill. ; _c23 cm. |
||
| 490 | 0 | _aBible self-study guide series | |
| 500 | _aCover title. | ||
| 504 | _aBibliography: p. 88. | ||
| 505 | _aGenesis-Exodus-Leviticus-Numbers and Deuteronomy-Joshua-1 Kings with Chronicles-2 Kings with Chronicles- Judges Ruth-1&2 Samuel-Ezra Nehemiah Esther-Job-Psalms-Proverbs-Ecclesiastes Song Of Solomon-Isaiah Jeremiah-Ezekiel Daniel-Minor Prophets. | ||
| 630 | 0 | 0 | _aBible. |
| 650 |
_aOld Testament _xNew Testament |
||
| 942 |
_2ddc _cREF |
||